000 nam a22 a 4500
999 _c174419
_d174419
003 BLK
005 20210630151314.0
008 180411b bul|||||r ||||||| ||bul||
040 _aBLK
041 _aBUL
_cBUL
080 _aБългарска литература
_b821.163.2
_x-992
_z821.163.2-992
100 1 _aФурнаджиев, Никола Йорданов
_eпърви автор
_9372516
139 _aФурнаджиев, Никола Йорданов
_bФ 94
245 1 0 _aПътуване до Чили
_bСрещи и впечатления
_cНикола Фурнаджиев.
257 _aBGR
260 _aСофия
_bНар. култура
_c1955
300 _a152 с.
_c18 см
380 _aX
852 _aЦб 8. 175. 47066
_bЦб
942 _cKNG
_n0
_s1
944 _aCR
_c29.09.2015
_kКина_Георгиева
944 _aED
_c2021-06-30
_kГГГ
999 _d174419